[Event "Vandoeuvre op 16th"]
[Site "Vandoeuvre"]
[Date "2019.12.30"]
[Round "9"]
[White "Seraoui, Mohcen"]
[Black "Abbassi, Zeyneb"]
[Result "1-0"]
[WhiteElo "1902"]
[BlackElo "1903"]
[PlyCount "67"]
[EventDate "2019.12.26"]
[EventType "swiss"]
[EventRounds "9"]
[EventCountry "FRA"]
[SourceTitle "CBM 194 Extra"]
[Source "ChessBase"]
[SourceDate "2020.03.31"]
[SourceVersion "1"]
[SourceVersionDate "2020.03.31"]
[SourceQuality "1"]

1. e4 e6 2. d4 d5 3. Nc3 dxe4 4. Nxe4 Nd7 5. Nf3 Ngf6 6. Nxf6+ Nxf6 7. c3 c5 8. Be3 Qc7 9. Ne5 Nd7 10. Bb5 cxd4 11. Bxd4 Bd6 12. Qh5 0-0 13. f4 Nf6 14. Qe2 Nd5 15. g3 f6 16. Nf3 Bd7 17. Bd3 Rae8 18. 0-0-0 Bc6 19. Rhf1 e5 20. fxe5 fxe5 21. Ng5 Nf6 22. Bc4+ Bd5 23. Bxd5+ Nxd5 24. Rxf8+ Bxf8 25. Qc2 g6 26. Qb3 exd4 27. Qxd5+ Kh8 28. Qxd4+ Kg8 29. Kb1 Bh6 30. Qd5+ Kg7 31. Nf7 Be3 32. Rf1 Re7 33. Nd6 Rf7 34. Ne8+ 1-0

[Event "Vandoeuvre op 16th"]
[Site "Vandoeuvre"]
[Date "2019.12.26"]
[Round "2"]
[White "Seraoui, Mohcen"]
[Black "Schippke, Manon"]
[Result "1-0"]
[WhiteElo "1902"]
[BlackElo "1736"]
[PlyCount "135"]
[EventDate "2019.12.26"]
[EventType "swiss"]
[EventRounds "9"]
[EventCountry "FRA"]
[SourceTitle "CBM 194 Extra"]
[Source "ChessBase"]
[SourceDate "2020.03.31"]
[SourceVersion "1"]
[SourceVersionDate "2020.03.31"]
[SourceQuality "1"]

1. e4 c5 2. Nf3 d6 3. c3 Nf6 4. Bd3 Nc6 5. Bc2 e6 6. d4 cxd4 7. cxd4 Be7 8. Nc3 0-0 9. 0-0 a6 10. a3 b5 11. b4 Bb7 12. Qd3 Rc8 13. Bb2 e5 14. d5 Nb8 15. a4 Rc4 16. axb5 axb5 17. Rfe1 Qc8 18. Bb3 Rxb4 19. Na2 Rc4 20. Bxc4 bxc4 21. Qc2 Nh5 22. Bc1 f5 23. Nc3 Na6 24. Ra4 Nc5 25. Rxc4 Ba6 26. Rxc5 Qxc5 27. Be3 Qc8 28. Rc1 fxe4 29. Qxe4 Nf6 30. Qb1 Qb7 31. Qa2 Ra8 32. Ra1 Qc8 33. Qb3 Rb8 34. Qa3 Bc4 35. Nxe5 Rb3 36. Qa8 Qxa8 37. Rxa8+ Bf8 38. Nxc4 Rxc3 39. Nxd6 Nxd5 40. Ne4 Rd3 41. Kf1 Nxe3+ 42. Ke2 Ra3 43. Rxa3 Bxa3 44. fxe3 Kf7 45. Nf2 Ke6 46. Nd3 Bd6 47. g3 Kf5 48. Kf3 h5 49. e4+ Kf6 50. h3 g5 51. h4 g4+ 52. Kf2 Kg6 53. e5 Bc7 54. Ke3 Kf5 55. Kd4 Ke6 56. Ke4 Bb6 57. Nf4+ Kd7 58. Kf5 Bf2 59. Nxh5 Ke7 60. Kxg4 Ke6 61. Nf4+ Kf7 62. h5 Bd4 63. Kf5 Kg8 64. g4 Kh7 65. g5 Kg8 66. g6 Bc5 67. h6 Be7 68. Nd5 1-0

[Event "Constantine Cirta op"]
[Site "Constantine"]
[Date "2017.10.21"]
[Round "5"]
[White "Seraoui, Mohcen"]
[Black "Hashlmoun, Amjad"]
[Result "0-1"]
[WhiteElo "2100"]
[BlackElo "1886"]
[PlyCount "58"]
[EventDate "2017.10.19"]
[EventType "swiss"]
[EventRounds "5"]
[EventCountry "ALG"]
[SourceTitle "CBM 181 Extra"]
[Source "ChessBase"]
[SourceDate "2017.12.12"]
[SourceVersion "1"]
[SourceVersionDate "2017.12.12"]
[SourceQuality "1"]

1. e4 c5 2. Nf3 g6 3. d3 Bg7 4. g3 Nc6 5. Bg2 e6 6. 0-0 Nge7 7. a3 d5 8. Nbd2 0-0 9. Re1 b6 10. h4 Bb7 11. c3 Ba6 12. Bf1 Qc7 13. Qa4 Bb7 14. h5 Ne5 15. Nxe5 Bxe5 16. Nf3 dxe4 17. dxe4 Bxg3 18. fxg3 Qxg3+ 19. Bg2 f5 20. Qd7 fxe4 21. Qxe6+ Rf7 22. Qe5 Rxf3 23. Qxg3 Rxg3 24. Kh2 Rg4 25. Bh3 gxh5 26. Bxg4 hxg4 27. Bh6 Nf5 28. Bg5 h6 29. Be3 h5 0-1

[Event "Gibraltar Challenger op-A"]
[Site "Caleta"]
[Date "2017.01.27"]
[Round "5"]
[White "Kulkarni, Chinmay"]
[Black "Seraoui, Mohcen"]
[Result "1/2-1/2"]
[WhiteElo "2208"]
[BlackElo "2100"]
[PlyCount "103"]
[EventDate "2017.01.23"]
[EventType "swiss"]
[EventRounds "5"]
[EventCountry "GGB"]
[SourceTitle "CBM 176 Extra"]
[Source "ChessBase"]
[SourceDate "2017.03.02"]
[SourceVersion "1"]
[SourceVersionDate "2017.03.02"]
[SourceQuality "1"]

1. e4 e5 2. Nf3 Nc6 3. Nc3 g6 4. d4 exd4 5. Nxd4 Bg7 6. Be3 Nge7 7. Qd2 0-0 8. 0-0-0 d6 9. f3 Nxd4 10. Bxd4 Nc6 11. Bxg7 Kxg7 12. h4 h5 13. Bc4 Be6 14. Nd5 Bxd5 15. Bxd5 Qf6 16. Rdf1 Qd4 17. Qxd4+ Nxd4 18. Bxb7 Rab8 19. Ba6 Rb6 20. Bd3 a5 21. b3 a4 22. Kd2 a3 23. c3 Nc6 24. Kc2 Ne5 25. Rd1 f5 26. exf5 gxf5 27. f4 Nxd3 28. Rxd3 Re8 29. Kd2 Kf6 30. g3 c5 31. c4 Re6 32. Rd1 Rb8 33. Kc3 Rb6 34. R1d2 Ke7 35. Rd5 Re3+ 36. R2d3 Rxd3+ 37. Rxd3 Rb8 38. Rd1 Ke6 39. Kd2 Rb7 40. Rb1 Rg7 41. Re1+ Kd7 42. Re3 Rg8 43. Kc3 Rb8 44. Kd2 Rb7 45. Ke2 Rb8 46. Kf3 Rg8 47. Rd3 Rb8 48. Rd2 Rg8 49. Re2 Rb8 50. Re3 Rg8 51. Re2 Rb8 52. Re3 1/2-1/2

[Event "Gibraltar Challenger op-A"]
[Site "Caleta"]
[Date "2017.01.26"]
[Round "4"]
[White "Seraoui, Mohcen"]
[Black "Marcos Herrero, Francisco"]
[Result "1-0"]
[WhiteElo "2100"]
[BlackElo "1918"]
[PlyCount "61"]
[EventDate "2017.01.23"]
[EventType "swiss"]
[EventRounds "5"]
[EventCountry "GGB"]
[SourceTitle "CBM 176 Extra"]
[Source "ChessBase"]
[SourceDate "2017.03.02"]
[SourceVersion "1"]
[SourceVersionDate "2017.03.02"]
[SourceQuality "1"]

1. e4 c5 2. c3 g6 3. Nf3 Bg7 4. Bc4 d6 5. d4 Nc6 6. Qb3 e6 7. Be3 b6 8. Nbd2 Nge7 9. d5 exd5 10. Bxd5 Na5 11. Qb5+ Bd7 12. Qe2 Nxd5 13. exd5 0-0 14. Rc1 Re8 15. 0-0 Bg4 16. b3 Nb7 17. h3 Bf5 18. Rfe1 Qc7 19. Qf1 Bd7 20. Qc4 Re7 21. Bg5 Rxe1+ 22. Rxe1 Re8 23. Rxe8+ Bxe8 24. Ne4 f5 25. Nf6+ Bxf6 26. Bxf6 Nd8 27. Ng5 Nf7 28. Qe2 Qd7 29. Ne6 h6 30. c4 g5 31. Qh5 1-0

[Event "ALG-ch"]
[Site "Algiers"]
[Date "2016.01.17"]
[Round "3"]
[White "Nassr, Ali"]
[Black "Seraoui, Mohcen"]
[Result "1-0"]
[WhiteElo "2190"]
[BlackElo "2122"]
[PlyCount "87"]
[EventDate "2016.01.16"]
[EventType "swiss"]
[EventRounds "9"]
[EventCountry "ALG"]
[SourceTitle "CBM 170 Extra"]
[Source "ChessBase"]
[SourceDate "2016.02.25"]
[SourceVersion "1"]
[SourceVersionDate "2016.02.25"]
[SourceQuality "1"]

1. Nf3 Nf6 2. d4 g6 3. Bf4 Bg7 4. e3 0-0 5. h3 d6 6. Be2 c5 7. c3 Qb6 8. Qc1 Bf5 9. Nbd2 Nbd7 10. 0-0 Rfe8 11. Bh2 Ne4 12. a4 Rac8 13. Nxe4 Bxe4 14. Nd2 Bc6 15. Nc4 Qd8 16. Qd1 d5 17. Nd2 Qb6 18. b3 e5 19. a5 Qd8 20. Nf3 e4 21. Nd2 cxd4 22. cxd4 Nf8 23. b4 a6 24. Nb3 Ne6 25. Nc5 Nxc5 26. bxc5 Bh6 27. Qd2 Qe7 28. Rfb1 Qd7 29. Bd1 Bg5 30. Qb4 Bd8 31. Ba4 Bxa4 32. Qxa4 Qxa4 33. Rxa4 Re7 34. Bd6 Rd7 35. Rab4 Bxa5 36. Rxb7 Rxb7 37. Rxb7 Bd8 38. Kf1 a5 39. Ke2 a4 40. Kd1 a3 41. Ra7 a2 42. Rxa2 Bc7 43. Ra6 f5 44. Rc6 1-0

[Event "ALG-chT"]
[Site "Staoueli"]
[Date "2014.08.22"]
[Round "1"]
[White "Seraoui, Mohcen"]
[Black "Abdelali, Abdallah"]
[Result "1-0"]
[WhiteElo "2140"]
[BlackElo "2004"]
[PlyCount "81"]
[EventDate "2014.08.22"]
[EventType "team-swiss"]
[EventRounds "9"]
[EventCountry "ALG"]
[SourceTitle "EXT 2016"]
[Source "ChessBase"]
[SourceDate "2015.10.08"]
[SourceVersion "1"]
[SourceVersionDate "2015.10.08"]
[SourceQuality "1"]
[WhiteTeam "Constantine CEC"]
[BlackTeam "Constantine ASEC"]
[WhiteTeamCountry "ALG"]
[BlackTeamCountry "ALG"]

1. e4 Nf6 2. e5 Nd5 3. c4 Nb6 4. d4 d6 5. Nf3 Nc6 6. exd6 exd6 7. Nc3 Bg4 8. Be2 Be7 9. h3 Bh5 10. d5 Bxf3 11. Bxf3 Ne5 12. Be2 0-0 13. b3 a5 14. Be3 Nbd7 15. 0-0 b6 16. Qc2 Re8 17. Nb5 Bf6 18. Rad1 Nc5 19. Nd4 Ng6 20. Nc6 Qc8 21. Bg4 Qb7 22. Bxc5 bxc5 23. Bd7 Rf8 24. Rde1 a4 25. bxa4 Qa6 26. f4 Kh8 27. a5 Bh4 28. Re3 Bf6 29. Re2 Rg8 30. Kh1 Nf8 31. Bg4 Ng6 32. Bf5 Rge8 33. Rfe1 Rxe2 34. Qxe2 h6 35. Bxg6 fxg6 36. Qd3 Kh7 37. Re6 Qc8 38. g4 Qf8 39. g5 hxg5 40. fxg5 Bd8 41. Qxg6+ 1-0

[Event "Constantine Happy New Year"]
[Site "Constantine"]
[Date "2014.01.16"]
[Round "5.2"]
[White "Gueroui, Nacereddine"]
[Black "Seraoui, Mohcen"]
[Result "1/2-1/2"]
[WhiteElo "2095"]
[BlackElo "2139"]
[PlyCount "52"]
[EventDate "2014.01.14"]
[EventType "tourn"]
[EventRounds "10"]
[EventCountry "ALG"]
[SourceTitle "EXT 2024"]
[Source "ChessBase"]
[SourceDate "2023.10.10"]
[SourceVersion "1"]
[SourceVersionDate "2023.10.10"]
[SourceQuality "1"]

1. e4 e5 2. Nf3 Nf6 3. Nxe5 d6 4. Nf3 Nxe4 5. d4 d5 6. Bd3 Be7 7. 0-0 0-0 8. Nc3 f5 9. Ne5 c6 10. f3 Nxc3 11. bxc3 Nd7 12. f4 Qa5 13. Bd2 Nf6 14. Rf3 Ne4 15. Be1 Be6 16. Rh3 Bd6 17. a4 Bxe5 18. dxe5 Rf7 19. Be2 Rd7 20. Qd4 Qb6 21. a5 Qb2 22. Rd1 h6 23. Qa4 Nc5 24. Qb4 Qxc2 25. Rd2 Qc1 26. Rd1 Qc2 1/2-1/2

[Event "Constantine Happy New Year"]
[Site "Constantine"]
[Date "2014.01.14"]
[Round "1.2"]
[White "Seraoui, Mohcen"]
[Black "Khelfallah, Omar Badreddine"]
[Result "1/2-1/2"]
[WhiteElo "2139"]
[BlackElo "2089"]
[PlyCount "79"]
[EventDate "2014.01.14"]
[EventType "tourn"]
[EventRounds "10"]
[EventCountry "ALG"]
[SourceTitle "EXT 2024"]
[Source "ChessBase"]
[SourceDate "2023.10.10"]
[SourceVersion "1"]
[SourceVersionDate "2023.10.10"]
[SourceQuality "1"]

1. e4 c5 2. Nf3 e6 3. d4 cxd4 4. Nxd4 a6 5. Nc3 Qc7 6. g3 Nc6 7. Bg2 Nf6 8. 0-0 Be7 9. Re1 d6 10. a4 Rb8 11. h3 0-0 12. Be3 Bd7 13. Qd2 b6 14. Rad1 Rfd8 15. Nxc6 Bxc6 16. Qe2 Bb7 17. Rd4 Rbc8 18. Rd2 Nd7 19. Red1 h6 20. Bd4 Ne5 21. Bf1 Nd7 22. h4 Ne5 23. f4 Nd7 24. f5 exf5 25. exf5 Re8 26. Qf2 Ne5 27. Be2 Qc6 28. Kh2 Bf6 29. Bxb6 Nf3+ 30. Qxf3 Qxf3 31. Bxf3 Bxf3 32. Rf1 Bxc3 33. bxc3 Rxc3 34. Bd4 Ra3 35. f6 g6 36. Bb2 Rae3 37. Bd4 Re2+ 38. Rxe2 Rxe2+ 39. Rf2 Rxf2+ 40. Bxf2 1/2-1/2

[Event "Arab Clubs-chT"]
[Site "Monastir"]
[Date "2013.11.07"]
[Round "5.2"]
[White "Seraoui, Mohcen"]
[Black "Danar Jamaj, Qadir Ghaffoori"]
[Result "1-0"]
[WhiteElo "2131"]
[BlackElo "2070"]
[PlyCount "71"]
[EventDate "2013.11.04"]
[EventType "team-tourn"]
[EventRounds "9"]
[EventCountry "TUN"]
[SourceTitle "EXT 2014"]
[Source "ChessBase"]
[SourceDate "2013.11.20"]
[SourceVersion "1"]
[SourceVersionDate "2013.11.20"]
[SourceQuality "1"]
[WhiteTeam "CEC"]
[BlackTeam "Khanzad"]
[WhiteTeamCountry "ALG"]
[BlackTeamCountry "IRQ"]

1. e4 e5 2. Nf3 Nc6 3. Bc4 Be7 4. 0-0 Nf6 5. d3 0-0 6. Re1 d6 7. c3 Na5 8. Nbd2 c6 9. b4 Nxc4 10. dxc4 Qc7 11. Bb2 Re8 12. Nf1 Be6 13. Qe2 Bf8 14. Ng3 Rad8 15. Rad1 a6 16. a4 b5 17. cxb5 cxb5 18. axb5 Bc4 19. Qe3 axb5 20. Ra1 Ra8 21. h3 Qb7 22. Nd2 Be6 23. f4 exf4 24. Qxf4 Rxa1 25. Rxa1 Nd7 26. Nf3 Bc4 27. Bc1 Ne5 28. Be3 Nxf3+ 29. Qxf3 Ra8 30. Re1 g6 31. Rc1 Bg7 32. Bd4 Qc6 33. Bf6 Re8 34. Nh5 Bh6 35. Bd4 Bg5 36. Nf6+ 1-0

[Event "Arab Clubs-chT"]
[Site "Monastir"]
[Date "2013.11.07"]
[Round "6.2"]
[White "Shoker, Samy"]
[Black "Seraoui, Mohcen"]
[Result "1-0"]
[WhiteElo "2500"]
[BlackElo "2131"]
[PlyCount "69"]
[EventDate "2013.11.04"]
[EventType "team-tourn"]
[EventRounds "9"]
[EventCountry "TUN"]
[SourceTitle "EXT 2014"]
[Source "ChessBase"]
[SourceDate "2013.11.20"]
[SourceVersion "1"]
[SourceVersionDate "2013.11.20"]
[SourceQuality "1"]
[WhiteTeam "Sharkia Dokhan"]
[BlackTeam "CEC"]
[WhiteTeamCountry "EGY"]
[BlackTeamCountry "ALG"]

1. g3 Nf6 2. Bg2 g6 3. c4 Bg7 4. Nc3 0-0 5. d3 c6 6. e4 e5 7. Nge2 d6 8. 0-0 a5 9. h3 Na6 10. Be3 Re8 11. a3 Nd7 12. b4 Nc7 13. Qd2 Ne6 14. Rab1 axb4 15. axb4 Nd4 16. f4 Nf8 17. Kh2 Nxe2 18. Nxe2 Ne6 19. f5 Nf8 20. Rf2 Ra3 21. h4 f6 22. g4 Kh8 23. Ng3 b5 24. cxb5 cxb5 25. g5 Bb7 26. Rbf1 Nd7 27. Bh3 d5 28. fxg6 hxg6 29. gxf6 Nxf6 30. Bg5 Ra6 31. Bxf6 Rxf6 32. Rxf6 Bxf6 33. Qh6+ Kg8 34. Qxg6+ Bg7 35. Be6+ 1-0

[Event "ALG-chT"]
[Site "Algiers"]
[Date "2013.08.25"]
[Round "9.2"]
[White "Aichoune, Chafik"]
[Black "Seraoui, Mohcen"]
[Result "0-1"]
[WhiteElo "1723"]
[BlackElo "2135"]
[PlyCount "86"]
[EventDate "2013.08.21"]
[EventType "team-swiss"]
[EventRounds "9"]
[EventCountry "ALG"]
[SourceTitle "CBM 156 Extra"]
[Source "ChessBase"]
[SourceDate "2013.10.22"]
[SourceVersion "1"]
[SourceVersionDate "2013.10.22"]
[SourceQuality "1"]
[WhiteTeam "Hadjout USMM"]
[BlackTeam "Constantine CEC"]
[WhiteTeamCountry "ALG"]
[BlackTeamCountry "ALG"]

1. e4 e5 2. Nf3 d6 3. d4 exd4 4. Nxd4 Nf6 5. Nc3 Be7 6. Bd3 0-0 7. 0-0 Re8 8. a3 Bf8 9. Bg5 h6 10. Bh4 Be7 11. f3 c6 12. Rb1 Qb6 13. Bf2 Qc7 14. Re1 a6 15. Kh1 c5 16. Nf5 Bxf5 17. exf5 Nc6 18. Ne4 b5 19. c3 Ne5 20. Bc2 Rad8 21. Qe2 Ned7 22. Rbd1 d5 23. Bg3 Qc6 24. Nxf6+ Nxf6 25. Qf2 Nd7 26. Bf4 Bf6 27. g4 Be5 28. Qg3 Qd6 29. Bxe5 Rxe5 30. Rxe5 Qxe5 31. Qxe5 Nxe5 32. Kg2 Nc4 33. Kf2 Nxb2 34. Rb1 Nc4 35. Bb3 Nd2 36. Rb2 Nxb3 37. Rxb3 c4 38. Rb1 d4 39. Rd1 d3 40. h4 Kf8 41. Re1 a5 42. Ke3 b4 43. axb4 axb4 0-1

[Event "ALG-chT"]
[Site "Algiers"]
[Date "2013.08.22"]
[Round "4.2"]
[White "Seraoui, Mohcen"]
[Black "Amdouni, Zoubaier"]
[Result "1/2-1/2"]
[WhiteElo "2135"]
[BlackElo "2249"]
[PlyCount "112"]
[EventDate "2013.08.21"]
[EventType "team-swiss"]
[EventRounds "9"]
[EventCountry "ALG"]
[SourceTitle "CBM 156 Extra"]
[Source "ChessBase"]
[SourceDate "2013.10.22"]
[SourceVersion "1"]
[SourceVersionDate "2013.10.22"]
[SourceQuality "1"]
[WhiteTeam "Constantine CEC"]
[BlackTeam "Alger ASSN"]
[WhiteTeamCountry "ALG"]
[BlackTeamCountry "ALG"]

1. e4 c5 2. c3 d5 3. exd5 Qxd5 4. d4 Bf5 5. Be3 e6 6. dxc5 Qxd1+ 7. Kxd1 Nd7 8. b4 0-0-0 9. Nd2 Ngf6 10. Ngf3 Nd5 11. Rc1 Be7 12. Bc4 N7f6 13. Ke2 Nh5 14. g3 Bf6 15. Bxd5 Rxd5 16. Nd4 Bg6 17. g4 e5 18. c4 Rxd4 19. Bxd4 exd4 20. gxh5 Bxh5+ 21. Kd3 Re8 22. Rce1 Bg6+ 23. Ne4 Re5 24. Rhg1 Rh5 25. Rg2 Rh3+ 26. Kd2 Ra3 27. Nxf6 Rxa2+ 28. Kd1 gxf6 29. Re7 d3 30. Rxg6 fxg6 31. Rxh7 Rxf2 32. h4 Rf4 33. b5 Rxc4 34. h5 gxh5 35. Rxh5 Re4 36. Kd2 Re5 37. Rh8+ Kd7 38. Rh7+ Re7 39. Rh3 a6 40. Rxd3+ Kc7 41. bxa6 bxa6 42. Kc3 Re5 43. Kc4 Re4+ 44. Kc3 Re5 45. Kc4 Re4+ 46. Kc3 Re6 47. Kd4 Kc6 48. Rb3 Kc7 49. Rh3 f5 50. Kd5 Re7 51. Rh6 Rd7+ 52. Kc4 Rd1 53. Rxa6 Rc1+ 54. Kd5 Rd1+ 55. Ke5 Rc1 56. Kd5 Rd1+ 1/2-1/2

[Event "Constantine ASEC 4th"]
[Site "Constantine"]
[Date "2013.07.29"]
[Round "8.3"]
[White "Seraoui, Mohcen"]
[Black "Salah Aiech, Hakim"]
[Result "1-0"]
[WhiteElo "2135"]
[BlackElo "1701"]
[PlyCount "51"]
[EventDate "2013.07.21"]
[EventType "tourn"]
[EventRounds "9"]
[EventCountry "ALG"]
[SourceTitle "EXT 2024"]
[Source "ChessBase"]
[SourceDate "2023.10.10"]
[SourceVersion "1"]
[SourceVersionDate "2023.10.10"]
[SourceQuality "1"]

1. Nf3 d5 2. g3 Nf6 3. Bg2 Nc6 4. d4 Bf5 5. c3 Qd7 6. Qb3 Na5 7. Qd1 Nc6 8. Nbd2 Bh3 9. 0-0 Bxg2 10. Kxg2 e6 11. Re1 Bd6 12. c4 0-0 13. a3 e5 14. cxd5 Nxd5 15. e4 Nf6 16. d5 Ne7 17. Nc4 Ng6 18. Bg5 b5 19. Na5 Ne7 20. Rc1 h6 21. Bxf6 gxf6 22. Nc6 Nxc6 23. Rxc6 a5 24. Nh4 Rab8 25. Nf5 Kh7 26. Qh5 1-0

[Event "Constantine ASEC 4th"]
[Site "Constantine"]
[Date "2013.07.24"]
[Round "4.5"]
[White "Seraoui, Mohcen"]
[Black "Hamla, Nabil"]
[Result "1-0"]
[WhiteElo "2135"]
[BlackElo "1904"]
[PlyCount "73"]
[EventDate "2013.07.21"]
[EventType "tourn"]
[EventRounds "9"]
[EventCountry "ALG"]
[SourceTitle "EXT 2024"]
[Source "ChessBase"]
[SourceDate "2023.10.10"]
[SourceVersion "1"]
[SourceVersionDate "2023.10.10"]
[SourceQuality "1"]

1. e4 d6 2. d4 g6 3. c4 Bg7 4. Nc3 c6 5. Be2 Nf6 6. Be3 a6 7. a4 Nbd7 8. g4 e5 9. g5 Ng8 10. dxe5 dxe5 11. Qd2 h6 12. Nf3 Nf8 13. Qc2 Bg4 14. Rd1 Qc7 15. h3 Bxf3 16. Bxf3 Ne6 17. gxh6 Bxh6 18. Bg4 Rd8 19. Bxe6 fxe6 20. Qe2 Rxd1+ 21. Kxd1 Nf6 22. Rg1 Qf7 23. Kc1 Bf4 24. Bxf4 exf4 25. e5 Nd7 26. Rg5 Qe7 27. Ne4 Rh5 28. Rxh5 gxh5 29. Qxh5+ Kd8 30. Qh8+ Qf8 31. Qxf8+ Nxf8 32. Nc5 Ke7 33. Kd2 Ng6 34. Nd3 b6 35. Ke2 c5 36. Kf3 Kf7 37. Ke4 1-0

[Event "Algiers Cup 11th"]
[Site "Algiers"]
[Date "2013.01.23"]
[Round "12"]
[White "Arab, Adlane"]
[Black "Seraoui, Mohcen"]
[Result "1-0"]
[WhiteElo "2437"]
[BlackElo "2121"]
[PlyCount "45"]
[EventDate "2013.01.11"]
[EventType "swiss"]
[EventRounds "14"]
[EventCountry "ALG"]
[SourceTitle "CBM 152 Extra"]
[Source "ChessBase"]
[SourceDate "2013.02.25"]
[SourceVersion "1"]
[SourceVersionDate "2013.02.25"]
[SourceQuality "1"]

1. d4 d5 2. c4 e5 3. dxe5 d4 4. Nf3 Nc6 5. g3 Nge7 6. Bg2 Ng6 7. Bg5 Qd7 8. e6 fxe6 9. 0-0 h6 10. Bc1 Be7 11. Qc2 Nge5 12. Nxe5 Nxe5 13. Bf4 Bf6 14. Nd2 0-0 15. Ne4 Qf7 16. Rad1 c6 17. b3 Ng6 18. Nd6 Qc7 19. Qxg6 e5 20. Ne8 Qe7 21. Nxf6+ Rxf6 22. Qe4 Re6 23. Bc1 1-0

[Event "Algiers Cup 11th"]
[Site "Algiers"]
[Date "2013.01.20"]
[Round "10"]
[White "Ioualalen, Lotfi"]
[Black "Seraoui, Mohcen"]
[Result "1-0"]
[WhiteElo "2092"]
[BlackElo "2121"]
[PlyCount "46"]
[EventDate "2013.01.11"]
[EventType "swiss"]
[EventRounds "14"]
[EventCountry "ALG"]
[SourceTitle "CBM 152 Extra"]
[Source "ChessBase"]
[SourceDate "2013.02.25"]
[SourceVersion "1"]
[SourceVersionDate "2013.02.25"]
[SourceQuality "1"]

1. d4 Nf6 2. c4 g6 3. Nc3 Bg7 4. e4 d6 5. f4 0-0 6. Nf3 c5 7. d5 e6 8. Be2 exd5 9. cxd5 Re8 10. e5 dxe5 11. fxe5 Ng4 12. e6 fxe6 13. d6 Qb6 14. 0-0 Bd7 15. Ne4 Bxb2 16. Rb1 Bd4+ 17. Nxd4 Qxb1 18. Bd3 Qa1 19. Nc2 Qe5 20. Qxg4 Rf8 21. Rxf8+ Kxf8 22. Qh4 Nc6 23. Qxh7 Qh5 1-0

[Event "Algiers Cup 11th"]
[Site "Algiers"]
[Date "2013.01.20"]
[Round "9"]
[White "Seraoui, Mohcen"]
[Black "Ioualalen, Lotfi"]
[Result "1-0"]
[WhiteElo "2121"]
[BlackElo "2092"]
[PlyCount "77"]
[EventDate "2013.01.11"]
[EventType "swiss"]
[EventRounds "14"]
[EventCountry "ALG"]
[SourceTitle "CBM 152 Extra"]
[Source "ChessBase"]
[SourceDate "2013.02.25"]
[SourceVersion "1"]
[SourceVersionDate "2013.02.25"]
[SourceQuality "1"]

1. e4 Nf6 2. e5 Nd5 3. d4 d6 4. c4 Nb6 5. exd6 exd6 6. Nc3 Be7 7. Nf3 0-0 8. Be2 Re8 9. 0-0 Bg4 10. b3 c6 11. h3 Bh5 12. Be3 N8d7 13. Rc1 Nf6 14. Re1 Bf8 15. Bg5 h6 16. Bh4 Nbd7 17. d5 Rc8 18. dxc6 bxc6 19. Nd4 Bxe2 20. Rxe2 Rxe2 21. Ndxe2 Qa5 22. Nd4 g5 23. Bg3 d5 24. Na4 Ne4 25. Ne2 Ndf6 26. Nac3 Qd8 27. Be5 Bc5 28. Bd4 Bxd4 29. Qxd4 Nxc3 30. Qxc3 dxc4 31. Qxc4 Qd2 32. Ng3 Qd5 33. Qc2 h5 34. Nf5 Kf8 35. Rd1 Qe5 36. Ne3 g4 37. Qf5 Qxf5 38. Nxf5 gxh3 39. gxh3 1-0

[Event "Algiers Cup 11th"]
[Site "Algiers"]
[Date "2013.01.19"]
[Round "7"]
[White "Seraoui, Mohcen"]
[Black "Toubal, Wissan"]
[Result "1-0"]
[WhiteElo "2121"]
[BlackElo "1923"]
[PlyCount "71"]
[EventDate "2013.01.11"]
[EventType "swiss"]
[EventRounds "14"]
[EventCountry "ALG"]
[SourceTitle "CBM 152 Extra"]
[Source "ChessBase"]
[SourceDate "2013.02.25"]
[SourceVersion "1"]
[SourceVersionDate "2013.02.25"]
[SourceQuality "1"]

1. e4 c5 2. Nf3 d6 3. d4 cxd4 4. Nxd4 Nf6 5. Nc3 a6 6. Be2 e6 7. 0-0 Be7 8. Be3 Qc7 9. a4 Nc6 10. Kh1 0-0 11. f4 Rb8 12. Nb3 b6 13. Qd2 Rd8 14. Bf3 Bd7 15. g4 Be8 16. g5 Nd7 17. Rad1 Nc5 18. Qe2 Nb4 19. Rd4 Nc6 20. Rd2 Qc8 21. Bg2 Nb4 22. Qc4 Nc6 23. Qe2 Nb4 24. f5 Nxa4 25. Nxa4 Bxa4 26. Nd4 e5 27. f6 exd4 28. fxe7 Re8 29. Qh5 dxe3 30. Qxf7+ Kh8 31. Bh3 Rxe7 32. Qxe7 Qe8 33. Qxe8+ Rxe8 34. Rxd6 Rb8 35. Rxb6 Re8 36. Rxb4 1-0

[Event "Algiers Ameyar Memorial-A 11th"]
[Site "Algiers"]
[Date "2012.11.18"]
[Round "5"]
[White "Saim, Mohamed Ilias"]
[Black "Seraoui, Mohcen"]
[Result "0-1"]
[WhiteElo "1920"]
[BlackElo "2129"]
[PlyCount "74"]
[EventDate "2012.11.16"]
[EventType "swiss"]
[EventRounds "9"]
[EventCountry "ALG"]
[SourceTitle "CBM 151 Extra"]
[Source "ChessBase"]
[SourceDate "2012.12.18"]
[SourceVersion "1"]
[SourceVersionDate "2012.12.18"]
[SourceQuality "1"]

1. e4 e6 2. d4 d5 3. Nd2 a6 4. Ngf3 Nf6 5. Bd3 c5 6. exd5 Qxd5 7. c4 Qd8 8. 0-0 cxd4 9. Nb3 Nc6 10. Bb1 Qc7 11. Nbxd4 Nxd4 12. Qxd4 Bc5 13. Qh4 b6 14. Rd1 Bb7 15. Bf4 Qc6 16. Qg5 h6 17. Qh4 g5 18. Bxg5 hxg5 19. Qxh8+ Ke7 20. Qg7 Rg8 21. Qxf7+ Kxf7 22. Ne5+ Ke7 23. Nxc6+ Bxc6 24. a3 Ng4 25. Rf1 Nxf2 26. b4 Bd4 27. Ra2 Nh3+ 28. Kh1 Nf4 29. Re1 Bc3 30. Rd1 Rf8 31. Kg1 e5 32. Kf2 Bd4+ 33. Kg3 Bd7 34. h3 Be6 35. Rc2 g4 36. hxg4 Rg8 37. Kf3 Bxg4+ 0-1

[Event "Algiers Ameyar Memorial-A 11th"]
[Site "Algiers"]
[Date "2012.11.17"]
[Round "3"]
[White "Houimel, Omar"]
[Black "Seraoui, Mohcen"]
[Result "0-1"]
[WhiteElo "1753"]
[BlackElo "2129"]
[PlyCount "105"]
[EventDate "2012.11.16"]
[EventType "swiss"]
[EventRounds "9"]
[EventCountry "ALG"]
[SourceTitle "CBM 151 Extra"]
[Source "ChessBase"]
[SourceDate "2012.12.18"]
[SourceVersion "1"]
[SourceVersionDate "2012.12.18"]
[SourceQuality "1"]

1. e4 e6 2. d4 d5 3. Nc3 Bb4 4. e5 c5 5. Bd2 a6 6. Qg4 g6 7. a3 Bxc3 8. bxc3 Nc6 9. Nf3 Qc7 10. h4 Bd7 11. Be2 0-0-0 12. 0-0 c4 13. Rab1 h6 14. Rb2 Nge7 15. Bf4 Rdg8 16. Bh2 Nf5 17. Rfb1 Na5 18. Rb6 Bc6 19. Nd2 Qe7 20. Nf3 Qxa3 21. Qf4 g5 22. hxg5 hxg5 23. Nxg5 Qe7 24. Nf3 Nh4 25. Bg3 Nf5 26. Ra1 Qc7 27. Rb4 Rh7 28. Bh4 Nxh4 29. Nxh4 Qd8 30. Nf3 Rgh8 31. Kf1 Bb5 32. Ng1 Nc6 33. Rbb1 Qh4 34. Qf3 Qh1 35. g3 Qxf3 36. Bxf3 Na7 37. Ne2 Be8 38. Bg2 Nb5 39. f3 Kc7 40. Kf2 Bd7 41. Rh1 Rxh1 42. Rxh1 Rxh1 43. Bxh1 a5 44. Ke1 Na3 45. Kd2 Ba4 46. Kc1 Bxc2 47. Nf4 Bh7 48. Nh3 Nb5 49. Ng5 Bg6 50. f4 Nxc3 51. Kb2 Ne2 52. Bf3 Nxd4 53. Bg4 0-1